Estatísticas para Países que começam com R

Clique aqui para jogar o quiz

Estatísticas Gerais

  • Esse quiz foi jogado 2 167 vezes
  • A pontuação média é 7 de 9

Estatísticas das Respostas

País% Correto
República Democrática do {Congo}
95%
República do {Congo}
95%
Rússia
87%
República {Checa}
84%
Ruanda
84%
República {Dominicana}
82%
Romênia
82%
República {Centro-Africana}
62%
Reino Unido
44%

Distribuição das Pontuações

Percentil de Números Respondidos

Porcentagem de Pessoas com Cada Pontuação

Sua Pontuação Histórica

Você não jogou esse quiz